All Fortnite Battle Pass Skins - Statistics

General Stats
  • This quiz has been taken 235 times
  • The average score is 11 of 17
Answer Stats
Hint Answer % Correct
Season 2 (Legendary) Black Knight
92%
Season 4 (Legendary) Omega
89%
Season 3 (Legendary) Reaper
88%
Season 4 (Legendary) Carbide
79%
Season 3 (Legendary) Dark Voyager
69%
Season 4 (Epic) Zoey
68%
Season 2 (Rare) Blue Squire
64%
Season 2 (Epic) Sparkle Specialist
64%
Season 4 (Legendary) Valor
62%
Season 3 (Epic) Elite Agent
58%
Season 4 (Epic) Battlehawk
56%
Season 3 (Epic) Mission Specialist
56%
Season 3 (Epic) Moonwalker
55%
Season 2 (Rare) Royale Knight
55%
Season 3 (Epic) Rust Lord
55%
Season 4 (Epic) Teknique
55%
Season 4 (Epic) Squad Leader
53%
No matching quizzes found
Score Distribution
Percent of People with Each Score
Percentile by Number Answered
Your Score History
You have not taken this quiz